01395nam a2200241 a 450000100100000000500170001000800410002702000150006804000250008310000390010824501790014726001700032630000210049650001220051750400730063950400320071270000260074470000330077095201170080395201050092095201110102599900170113600004036520201002034102.0130822s2005 mx 000 0 spa d a9703223656 aDO-SdBNPbspacBNPHU1 aCastañón, Adolfod1952-91264610aTrazos para una bibliografía comentada de Alfonso Reyes, con especial atención a su postergada antología mexicana : "En busca del alma nacional" /cAdolfo Castañón. aMéxico :bUniversidad Nacional Autónoma de México :bDifusión Cultural, Dirección General de Publicaciones y Fomen : Academia Mexicana de la Lengua,c2005. a126 p. ;c18 cm. aDiscurso de ingreso a la Academía Mexicana de la Lengua, 10 de marzo de 2005.", respuesta de José Luis Martínez aIncluye referencias bibliográficas y notas al pie de las páginas aBibliografía : p. 77 - 961 aReyes, Alfonso9125931 aMartíz, José Luis966664 001052708MOaGRbGRcCTd2013-08-22iLF1l0o p40365-10r2020-06-25te. 3w2020-06-25y2ZPréstamo interno 001050718MOaGRbGRcCTd2013-08-22iLF1l0o p40365-20r2020-06-25w2020-06-25y1ZNo se presta 001050718MOaGRbGRcCTd2013-08-22iLF1l0o p40365-30r2020-06-25te. 2w2020-06-25y1ZNo se presta c39855d39855